00903nam a2200277 i 4500001001000000003000900010005001700019007000300036008004100039020001800080040003000098041000800128082002400136100004400160245007400204250002300278264007000301300004400371336002700415337003200442338002800474490001300502500006000515650002400575650002600599000038660DO-SdBNP20251015150443.0ta130417t2013 dr 000 0 spa d a9789945165364 aDO-SdBNPbspacBNPHUerda aspa 4aRD861.44bG869a2221 aJosé Gris, Pedro,d1958-eautor4aut.10aAniversario :bla nostalgia no tiene territorio /cPedro José Gris. aPrimera edición  4aSanto Domingo, República Dominicana :bEditora Búho,c©2013. a55 páginas :bIlustraciones ;c29 cm. atextobtxt2rdacontent asin mediciónbn2rdamedia avolumenbnc2rdacarrier0 aPoesía aIncluye datos biográficos del autor en la página 554 aPoesía dominicana4 aLiteratura dominicana